Conrad and history / (رقم التسجيلة. 19134)
[ عرض عادي ]
| 000 -الفاتح | |
|---|---|
| حقل البيانات ثابتة الطول | 00914pam a2200289 a 4500 |
| 001 - رقم الضبط | |
| رقم الضبط | 015396918 |
| 003 - محدد رقم الضبط | |
| رقم الضبط | OSt |
| 005 - وقت وتاريخ اخر تعامل مع التسجيلة | |
| رقم الضبط | 20150408113952.0 |
| 008 - عناصر البيانات ثابتة الطول - معلومات عامة | |
| حقل البيانات ثابتة الطول | 111203s2010 enka | b 001 0 eng d |
| 015 ## - رقم الببليوجرافية الوطنية | |
| المصدر | bnb |
| 020 ## - الرقم الدولى المعيارى للكتب | |
| الرقم الدولى المعيارى للكتاب | 9780199580347 |
| 040 ## - مصدر الفهرسة | |
| وكالة الفهرسة الأصلية | StDuBDS |
| لغة الفهرسة | eng |
| وكالة النسخ | MU |
| 042 ## - رمز التحقق | |
| رمز التحقق | ukblcatcopy |
| 082 04 - رقم تصنيف ديوى العشرى | |
| رقم التصنيف | 823.912 N R C |
| رقم الطبعة | 22 |
| 100 1# - المدخل الرئيسى - إسم شخصى | |
| الإسم الشخصى | Niland, Richard, |
| التواريخ المصاحبة للاسم | 1978- |
| 9 (RLIN) | 6893 |
| 245 10 - بيان العنوان | |
| العنوان | Conrad and history / |
| بيان المسئوليه,etc | Richard Niland. |
| 260 ## - PUBLICATION, DISTRIBUTION, ETC. (IMPRINT) | |
| مكان الناشر او الموزع | Oxford : |
| اسم الناشر او الموزع | Oxford University Press, |
| تاريخ النشر أو التوزيع | c2010. |
| 300 ## - الوصف المادى | |
| التعداد | 225 p. : |
| تفاصيل ماديه اخرى للوعاء | ill. ; |
| أبعاد الوعاء | 22 cm. |
| 490 0# - بيان السلسلة | |
| عنوان السلسلة | Oxford English monographs |
| 500 ## - تبصرة عامة | |
| تبصرة عامة | Formerly CIP. |
| الهيئة التي ينطبق عليها الحقل | Uk |
| 504 ## - تبصرة ببليوجرافية | |
| تبصرة ببليوجرافية,الخ | Includes bibliographical references and index. |
| 600 10 - المدخل الاضافى بالموضوع-اسم شخصى | |
| الإسم الشخصى | Conrad, Joseph, |
| التواريخ المصاحبة للاسم | 1857-1924 |
| التقسيم الفرعي العام | Criticism and interpretation. |
| 9 (RLIN) | 6894 |
| 650 #0 - المدخل الاضافى بالموضوع-مصطلح موضوعى | |
| مصطلح موضوعي أو اسم جغرافي كعنصر مدخل | History in literature. |
| 9 (RLIN) | 6895 |
| 942 ## - عناصر المدخل الإضافي( كوها) | |
| مصدر التصنيف او مخطط الترفيف | Dewey Decimal Classification |
| Koha [default] item type | DVD |
| حالة الفقد | نموذج السعر الفعال | حالة تلف | ليس للاعارة | رقم الطلب | تاريخ الاكتساب | الموقع الحالي | الباركود | الفرع الرئيسي | Date last seen | نوع المادة فى نظام كوها | مصدر التصنيف او خطة الترفيف | Total Checkouts |
|---|---|---|---|---|---|---|---|---|---|---|---|---|
| 2013-03-10 | 823.912 N R C | 2011-12-03 | قسم الاجراءات الفنية (IC) | 00101199 | قسم الاجراءات الفنية (IC) | 2013-03-10 | كتاب | Dewey Decimal Classification | ||||
| 2013-03-10 | 823.912 N R C | 2011-12-03 | قسم الاجراءات الفنية (IC) | 00101200 | قسم الاجراءات الفنية (IC) | 2013-03-10 | كتاب | Dewey Decimal Classification |
